000 00310nam a2200133Ia 4500
008 190216s9999||||xx |||||||||||||| ||und||
100 _aJohn D Ryder
245 0 _a"Networks, Lines And Fields"
250 _a2nd Ed.
260 _bPrentice Hall India
_c1990
300 _a593
650 _aComputer
942 _cBK
999 _c8400
_d8400